MARC details
| 000 -CABECERA |
| campo de control de longitud fija |
03188ngm a22003614i 4500 |
| 001 - NÚMERO DE CONTROL |
| campo de control |
991061311299306706 |
| 003 - IDENTIFICADOR DEL NÚMERO DE CONTROL |
| campo de control |
ES-BaIT |
| 005 - FECHA Y HORA DE LA ÚLTIMA TRANSACCIÓN |
| campo de control |
20260209141938.0 |
| 008 - DATOS DE LONGITUD FIJA--INFORMACIÓN GENERAL |
| campo de control de longitud fija |
250407s2004 xxk||| |-|||||q|| vleng|c |
| 028 40 - NÚMERO DE EDITOR O DISTRIBUIDOR |
| Número de editor o de distribuidor |
1220 D |
| Fuente |
OA |
| 040 ## - FUENTE DE LA CATALOGACIÓN |
| Centro catalogador/agencia de origen |
ES-BaIT |
| Lengua de catalogación |
cat |
| Normas de descripción |
rda |
| Centro/agencia transcriptor |
ES-BaIT |
| 080 ## - NÚMERO DE LA CLASIFICACIÓN DECIMAL UNIVERSAL |
| Número de la Clasificación Decimal Universal |
793.4(086.8) |
| 245 00 - MENCIÓN DE TÍTULO |
| Título |
Gala des étoiles / |
| Mención de responsabilidad, etc. |
Orchestra del Teatro alla Scala ; David Coleman ; Roberto Bolle, Claudio Coviello, Marlon Dino, Maria Eichwald, Melissa Hamilton, Lucia Lacarra, Nicoletta Manni, Massimo Murru, Leonid Sarafanov, Polina Semionova, Alina Somova, Ivan Vasiliev, Maria Vinogradova, Svetlana Zakharova, Mick Zeni |
| 264 #1 - PRODUCCIÓN, PUBLICACIÓN, DISTRIBUCIÓN, FABRICACIÓN Y COPYRIGHT |
| Producción, publicación, distribución, fabricación y copyright |
London : |
| Nombre del de productor, editor, distribuidor, fabricante |
Opus Arte, |
| Fecha de producción, publicación, distribución, fabricación o copyright |
2016 |
| 264 #4 - PRODUCCIÓN, PUBLICACIÓN, DISTRIBUCIÓN, FABRICACIÓN Y COPYRIGHT |
| Fecha de producción, publicación, distribución, fabricación o copyright |
© 2015 |
| 300 ## - DESCRIPCIÓN FÍSICA |
| Extensión |
1 videodisc (DVD) (142 min): |
| Otras características físicas |
color, so; |
| Dimensiones |
19 cm |
| Material acompañante/anejo |
1 llibret (23 pàgines : il·lustracions en color) |
| 336 ## - TIPO DE CONTENIDO |
| Término de tipo de contenido |
imatge en moviment bidimensional |
| Código de tipo de contenido |
tdi |
| Fuente |
rdacontent |
| 337 ## - TIPO DE MEDIO |
| Nombre/término del tipo de medio |
vídeo |
| Código del tipo de medio |
v |
| Fuente |
rdamedia |
| 338 ## - TIPO DE SOPORTE |
| Nombre/término del tipo de soporte |
videodisc |
| Código del tipo de soporte |
vd |
| Fuente |
rdacarrier |
| 344 ## - CARACTERÍSTICAS DE SONIDO |
| Tipo de grabación |
digital |
| Medio de grabación |
magnètic |
| Configuración de los canales de reproducción del sonido |
estèreo |
| Características especiales de reproducción |
Dolby digital 5.1 |
| Fuente |
rda |
| 346 ## - CARACTERÍSTICAS DE VÍDEO |
| Estándar de emisión |
NTSC |
| 347 ## - CARACTERÍSTICAS DEL ARCHIVO DIGITAL |
| Tipo de archivo |
fitxer vídeo |
| Formato de codificación |
DVD vídeo |
| Codificación regional |
totes les regions |
| Fuente |
rda |
| 500 ## - NOTA GENERAL |
| Nota general |
Format de pantalla (16:9) |
| 505 8# - NOTA DE CONTENIDO CON FORMATO |
| Nota de contenido con formato |
Conté: Three Preludes / choreography Ben Stevenson ; music Sergey Rachmaninov ; dancers Lucia Lacarra, Marlon Dino ; solo piano Roberto Cominati -- L'Histoire de Manon : pas de deux, act 1, scene 2 / choreography Kenneth MacMillan ; music Jules Massenet, dancers Melissa Hamilton, Claudio Coviello -- La rose malade / ballet by Roland Petit ; music Gustav Mahler ; dancers Maria Eichwald, Mick Zeni -- Gran Pas Classique / choreography Victor Gsovsky ; music Daniel-François Auber ; dancers Alina Somova, Leonid Sarafanov -- Carmen : Pas de deux / ballet by Roland Petit ; music Georges Bizet ; dancers Polina Semionova, Roberto Bolle -- The Dying Swan / choreography Mikhail Fokine ; music Camille Saint-Saens ; dancer Svetlana Zakharova- Don Quixote : Grand Pas de deux, Acte III / choreography Marius Petipa ; music Ludwig Minkus ; dancers Nicoletta Manni, Ivan Vasiliev -- Light Rain : pas de deux / choreography Gerald Arpino ; music Daouglas Adams, Russ Gauthier : dancers Lucia Lacarra, Marlon Dino -- Romeo and Juliet : Pas de deux, Acte I, escena 6 / choreography Kenneth MacMillan ; music Sergey Prokofiev ; dancers Maria Eichwald, Massimo Murru -- Spartacus : pas de deux / choreography Yuri Grigorovich ; music Aram Khachaturian ; dancers Maria Vinogradova, Ivan Vasiliev -- Prototype / concept and choreography Massimiliano Volpini ; music Piero Salvatori ; dancer Roberto Bolle -- Le Corsaire : pas de deux / choreography Marius Petipa ; music Riccardo Drigo ; dancers Svetlana Zakarova, Leonid Sarafanov -- Dance of the hours / music Amilcare Ponchielli |
| 518 ## - NOTA DE FECHA/HORA Y LUGAR DE UN ACONTECIMIENTO |
| Nota de fecha/hora y lugar de un acontecimiento |
Enregistrat amb motiu de la "Gala des étoiles" celebrada al Teatre alla Scala de Milan el 30 d'octubre de 2015 |
| 546 ## - NOTA DE LENGUA/LENGUAJE |
| Nota de lengua/lenguaje |
Llibret en anglès, francès i alemany |
| 650 #0 - PUNTO DE ACCESO ADICIONAL DE MATERIA--TÉRMINO DE MATERIA |
| Término de materia o nombre geográfico como elemento de entrada |
Dansa clàssica |
| Subdivisión general |
Coreografies |
| -- |
Fragments |
| 9 (RLIN) |
94241 |
| 650 #0 - PUNTO DE ACCESO ADICIONAL DE MATERIA--TÉRMINO DE MATERIA |
| Término de materia o nombre geográfico como elemento de entrada |
Dansa clàssica |
| Subdivisión general |
Pas de deux |
| -- |
Coreografies |
| 9 (RLIN) |
94242 |
| 710 2# - ENTRADA AGREGADA--NOMBRE DE ENTIDAD CORPORATIVA |
| Nombre de entidad corporativa o nombre de jurisdicción como elemento de entrada |
Teatro alla Scala. |
| Unidad subordinada |
Orchestra |
| Término indicativo de función/relación |
intèrpret |
| 9 (RLIN) |
83215 |
| 908 ## - COLOCAR PARÁMETRO DE COMANDO (RLIN) |
| Colocar parámetro de comando |
CDMAE |
| 940 ## - EQUIVALENCIA O REFERENCIA-CRUZADA--TÍTULO UNIFORME [OBSOLETO] [solamente CAN/MARC] |
| Título uniforme |
<a href="CDMAE">CDMAE</a> |
| 942 ## - ELEMENTOS DE ENTRADA AGREGADA (KOHA) |
| Fuente del sistema de clasificación o colocación |
Clasificación decimal universal |
| Tipo de ítem Koha |
Vídeo |